000 00798nam a2200217Ii 4500
003 JO-AjNU
008 230605s9999||||xx |||||||||||||| ||und||
017 _a1986/1675
020 _a977-01-0860-X
040 _aJO-AjNU
_bara
_erda
_cJO-AjNU
041 _aara
050 1 4 _aPN1031.H366 1986
100 3 _aتأليف حنورة، مصري عبد الحميد,
_eauthor
_939275
245 0 0 _aالأسس النفسية للإبداع الفني في الشعر المسرحي
264 3 1 _aالقاهرة:الهيئة المصرية العامة للكتاب، 1986
300 _a245ص
336 _atext
_btxt
_2rdacontent
337 _aunmediated
_bn
_2rdamedia
338 _avolume
_bnc
_2rdacarrier
650 4 _aالشعر المسرحي - تاريخ ونقد - جوانب نفسية
_939276
999 _aA16574
_c20142
_d20142